000
00357nam a22001217a 4500
040
_c
SY
082
_a
593
100
_a
សុក គន្ធី
245
_a
ការប្រតិបត្តិនិងឧបករណ៍ក្រោយការប្រមូលផលស្រូវ
260
_a
RUA
_b
សុក
_c
2007
300
_a
44p.
942
_c
KB
999
_c
9794
_d
9794